000
00241 a2200097 4500
001
35337
100
_a
Carr J J
245
_a
8-Bit & 16-Bit Microprocessor Look Book
260
_a
Summet Blue Ridge
_b
Tax Book Inc
_c
090
_c
23369
_d
23369
942
_a
NUST-CAE
_c
M
_c
14857
999
_c
270410
_d
270410